00735nam a22002057a 4500999001900000005001700019010001500036020002600051035001400077037001300091082001300104100002000117245005100137260004500188270006600233300002300299500005500322942002700377952012500404 c158459d15845920181030121621.0 aENG-124407 a9780199476510c695.00 aEN-107939 bDBAD/PUB a301.0954 aGupta, Dipankar aQ.E.D. Indian test theory /cby Dipankar Gupta aNew DelhibOxford University Pressc2017 bNew Delhie110002a2/11 Ground Floor, Ansari Road, Daryaganj, axi,224pc22cm.(Hb) aIt includes references, index and about the author 2ddccENh301.0954mGUP 001040718NFICaDBADbBNd2018-10-30eDBAD/PUBg695.00l0o301.0954 GUPpEN-107939r2018-10-30 00:00:00t1v695.00yEN